[Event "Open International Jeunes de Saint-Lô"]
[Site "?"]
[Date "2013.07.09"]
[Round "4.11"]
[White "Dillenschneider, Ernesto"]
[Black "Pichon, Julien"]
[Result "1/2-1/2"]
[WhiteElo "1724"]
[BlackElo "1775"]
[PlyCount "82"]
[SourceDate "2013.07.07"]

1. d4 Nf6 2. c4 g6 3. Nf3 Bg7 4. Nc3 O-O 5. e4 d6 6. Be2 e5 7. O-O Nc6 8. d5
Ne7 9. Ne1 Nd7 10. Be3 f5 11. f3 f4 12. Bf2 g5 13. a4 h5 14. a5 Nf6 15. c5 g4
16. cxd6 cxd6 17. Nb5 Ng6 18. Bxa7 g3 19. Bb6 Qd7 20. Nc7 Nh4 21. Ne6 Re8 22.
Qb3 Qf7 23. Bc4 Qg6 24. h3 Nh7 25. Bb5 Rf8 26. Rc1 Ng5 27. Nxf8 Bxf8 28. Rxc8
Rxc8 29. Bd7 Rc1 30. Bd8 Nxe4 31. fxe4 Qxe4 32. Qd3 Qxe1 33. Rxe1 Rxe1+ 34. Qf1
Rxf1+ 35. Kxf1 Ng6 36. Bc8 e4 37. Bf5 Ne5 38. Bxe4 Nc4 39. Bf3 Bg7 40. b4 Bc3
41. b5 Nxa5 1/2-1/2

[Event "Open International Jeunes de Saint-Lô"]
[Site "?"]
[Date "2013.07.09"]
[Round "4.12"]
[White "Auvray, Honorine"]
[Black "Carlier, Nathan"]
[Result "1-0"]
[WhiteElo "1935"]
[BlackElo "1467"]
[PlyCount "97"]
[SourceDate "2013.07.07"]

1. e4 e6 2. d4 d5 3. e5 c5 4. c3 Nd7 5. Nf3 b6 6. Bd3 Ne7 7. O-O Nc6 8. a3 Be7
9. Be3 Bb7 10. Ne1 Qc7 11. Nd2 f6 12. Qh5+ g6 13. Bxg6+ Kd8 14. f4 Nf8 15. Bd3
Qd7 16. Qe2 c4 17. Bc2 f5 18. a4 Ba6 19. Kh1 Ng6 20. g4 Kc7 21. gxf5 exf5 22.
Qh5 Raf8 23. Ndf3 Qe6 24. Rg1 Bc8 25. Ng5 Bxg5 26. Rxg5 Nd8 27. Nf3 Qd7 28. Rg2
Ne6 29. Qh6 Qe7 30. Rag1 Kb8 31. h4 a5 32. Rf1 Qf7 33. Ng5 Nxg5 34. Rxg5 Be6
35. Rfg1 Rfg8 36. R1g3 Qf8 37. Qxf8+ Rxf8 38. h5 Ne7 39. Rg7 Rhg8 40. Bf2 Rxg7
41. Rxg7 Rf7 42. Rxf7 Bxf7 43. Bh4 Ng8 44. Bxf5 Bxh5 45. Bxh7 Bf7 46. f5 Nh6
47. e6 Be8 48. f6 Kc8 49. Bg5 1-0

[Event "Open International Jeunes de Saint-Lô"]
[Site "?"]
[Date "2013.07.09"]
[Round "4.13"]
[White "Marica, Ruxandra.Ioana."]
[Black "Jourdren, Kevin"]
[Result "0-1"]
[WhiteElo "1516"]
[BlackElo "1816"]
[PlyCount "90"]
[SourceDate "2013.07.07"]

1. e4 e6 2. d4 d5 3. e5 c5 4. c3 Nc6 5. Nf3 Qb6 6. Bd3 cxd4 7. cxd4 Bd7 8. O-O
Nxd4 9. Nxd4 Qxd4 10. Nc3 a6 11. Qf3 Qxe5 12. Bf4 Qf6 13. Rfe1 Be7 14. Qg3 Kf8
15. Bd6 Bc6 16. Rad1 Rc8 17. Bb1 Bxd6 18. Qxd6+ Qe7 19. Qe5 Qc7 20. Qd4 Nf6 21.
Rd3 b5 22. Rg3 Bd7 23. Bd3 Qc5 24. Qf4 Nh5 25. Qg5 Nxg3 26. Qxg3 b4 27. Ne2 Bb5
28. Bxb5 axb5 29. h3 Qb6 30. Nc1 h6 31. Nd3 Qb8 32. Ne5 Kg8 33. Qf3 Qb7 34. Qd3
Rc7 35. Re3 Rc1+ 36. Kh2 Rc8 37. Rg3 Qc7 38. Ng4 Kf8 39. Kg1 Qc1+ 40. Kh2 Qc7
41. Kg1 Qc4 42. Qf3 Qe4 43. Qb3 h5 44. Ne3 Rc1+ 45. Kh2 Qf4 0-1

[Event "Open International Jeunes de Saint-Lô"]
[Site "?"]
[Date "2013.07.09"]
[Round "4.14"]
[White "Girault, Simon"]
[Black "Delabbey, Florian"]
[Result "1-0"]
[WhiteElo "1782"]
[BlackElo "1513"]
[PlyCount "59"]
[SourceDate "2013.07.07"]

1. e4 c5 2. Nc3 g6 3. g3 Nc6 4. Bg2 Bg7 5. d3 Nf6 6. Be3 d6 7. h3 O-O 8. Nge2
Bd7 9. O-O Rb8 10. Qd2 b5 11. a3 a5 12. f4 b4 13. axb4 axb4 14. Nd1 e6 15. g4
Ra8 16. Rxa8 Qxa8 17. f5 exf5 18. exf5 Qc8 19. Bh6 Ne5 20. Ng3 Qc7 21. Qg5 b3
22. cxb3 Nxd3 23. h4 Bxh6 24. Qxh6 Nxg4 25. Qg5 Nde5 26. Nf2 h6 27. Qf4 Nxf2
28. Rxf2 Kg7 29. fxg6 Nxg6 30. Nh5+ 1-0

[Event "Open International Jeunes de Saint-Lô"]
[Site "?"]
[Date "2013.07.09"]
[Round "4.15"]
[White "Langevin, Pauline"]
[Black "Marie, Florian"]
[Result "1/2-1/2"]
[WhiteElo "1511"]
[BlackElo "1754"]
[PlyCount "55"]
[SourceDate "2013.07.07"]

1. d4 Nf6 2. c4 g6 3. Nc3 Bg7 4. e4 d6 5. f4 O-O 6. Nf3 c5 7. d5 Ne8 8. Bd2 e6
9. Bd3 exd5 10. exd5 f5 11. O-O Nf6 12. Re1 Na6 13. Nb5 Qb6 14. Rb1 Nxd5 15.
Nxd6 Qxd6 16. cxd5 c4 17. Be2 Qxd5 18. Rc1 b5 19. Ne5 Qd4+ 20. Kh1 Bxe5 21.
fxe5 Be6 22. Bf3 Rab8 23. Be3 Qxd1 24. Rcxd1 Rbd8 25. Bxa7 Nb4 26. Bc5 Nd3 27.
Bxf8 Nf2+ 28. Kg1 1/2-1/2

[Event "Open International Jeunes de Saint-Lô"]
[Site "?"]
[Date "2013.07.10"]
[Round "5.1"]
[White "Banzea, Alexandru-Bogdan"]
[Black "Grigorian, Roudolph"]
[Result "1/2-1/2"]
[WhiteElo "1856"]
[BlackElo "2062"]
[PlyCount "68"]
[SourceDate "2013.07.07"]

1. e4 g6 2. d4 Bg7 3. Nc3 d6 4. f4 c6 5. Be3 Qb6 6. a3 e5 7. Na4 Qa5+ 8. Nc3
Qb6 9. Na4 Qc7 10. Nc3 Nf6 11. Be2 Nbd7 12. Nh3 b5 13. O-O Nb6 14. Nf2 exd4 15.
Bxd4 O-O 16. Qd2 Bb7 17. Rae1 a6 18. e5 dxe5 19. Bxe5 Qd7 20. Qxd7 Nbxd7 21.
Bd6 Rfe8 22. Bf3 Nb6 23. b3 Rxe1 24. Rxe1 Re8 25. Rxe8+ Nxe8 26. Be5 f5 27.
Bxg7 Nxg7 28. Nd3 Ne6 29. Ne2 Nd5 30. Bxd5 cxd5 31. c3 Kf8 32. Nd4 Nd8 33. Kf2
Ke7 34. Ne5 Kd6 1/2-1/2

[Event "Open International Jeunes de Saint-Lô"]
[Site "?"]
[Date "2013.07.10"]
[Round "5.2"]
[White "Jamar, Vadim"]
[Black "Pigeat, Alexandre"]
[Result "0-1"]
[WhiteElo "1805"]
[BlackElo "1942"]
[PlyCount "78"]
[SourceDate "2013.07.07"]

1. e4 c5 2. Nf3 e6 3. Nc3 a6 4. d3 d6 5. Be3 g6 6. Qd2 Bg7 7. h4 h5 8. Be2 Qb6
9. d4 cxd4 10. Bxd4 Bxd4 11. Qxd4 Qxd4 12. Nxd4 Nf6 13. O-O-O b5 14. Bf3 e5 15.
Nb3 Ke7 16. Na5 Ra7 17. a4 Bd7 18. axb5 axb5 19. b4 Na6 20. Na2 Rc8 21. Kb2
Nxb4 22. Nxb4 Rxa5 23. Rd2 Rc4 24. Nd5+ Nxd5 25. Rxd5 Be6 26. Rd3 Rc6 27. Ra3
Rxc2+ 28. Kxc2 Rxa3 29. Rb1 Bc4 30. Rb2 Kd7 31. Kd2 Kc6 32. Be2 Kc5 33. Bxc4
bxc4 34. Rb7 Kd4 35. Rxf7 Ra2+ 36. Kc1 Kxe4 37. Rf6 d5 38. g3 c3 39. f4 Kd3 0-1

[Event "Open International Jeunes de Saint-Lô"]
[Site "?"]
[Date "2013.07.10"]
[Round "5.3"]
[White "Monpeurt, Cyrielle"]
[Black "Aghamir Alrobiai, Nizar"]
[Result "1/2-1/2"]
[WhiteElo "2043"]
[BlackElo "1773"]
[PlyCount "87"]
[SourceDate "2013.07.07"]

1. e4 c5 2. Nf3 e6 3. d4 cxd4 4. Nxd4 Nc6 5. Nc3 Qc7 6. Be3 a6 7. Bd3 Nf6 8.
O-O h5 9. h3 b5 10. Nxc6 Qxc6 11. e5 Bb7 12. f3 Nd5 13. Nxd5 Qxd5 14. Be4 Qxd1
15. Raxd1 Bxe4 16. fxe4 Rc8 17. Rf2 Bc5 18. Bd4 Bxd4 19. Rxd4 Ke7 20. Rfd2 Rc7
21. a4 Rb8 22. a5 Rbb7 23. Kf2 Rc6 24. Kf3 Rbc7 25. c3 Rc4 26. Rd6 R4c6 27. Kf4
f6 28. exf6+ gxf6 29. R6d3 Rc4 30. Rd6 R4c6 31. R6d3 Rc4 32. Kf3 b4 33. cxb4
Rxb4 34. Rd6 Ra7 35. g4 hxg4+ 36. hxg4 Rb5 37. R6d3 Rxa5 38. Rh2 Kf7 39. Rh7+
Kg6 40. Rdxd7 Rxd7 41. Rxd7 Rb5 42. Rd6 e5 43. Rxa6 Rxb2 44. Ra3 1/2-1/2

[Event "Open International Jeunes de Saint-Lô"]
[Site "?"]
[Date "2013.07.10"]
[Round "5.4"]
[White "Cogan, Nicolas"]
[Black "Fruchard, Cyrille"]
[Result "1-0"]
[WhiteElo "1922"]
[BlackElo "1958"]
[PlyCount "109"]
[SourceDate "2013.07.07"]

1. d4 Nf6 2. c4 g6 3. Nc3 d5 4. cxd5 Nxd5 5. Bd2 Bg7 6. e4 Nxc3 7. Bxc3 O-O 8.
Qd2 c5 9. d5 e6 10. Bc4 a6 11. a4 exd5 12. exd5 Re8+ 13. Ne2 Qh4 14. b3 Bxc3
15. Qxc3 Bg4 16. Ra2 Bxe2 17. Bxe2 Nd7 18. O-O Re5 19. Bf3 Qe7 20. d6 Qe6 21.
Bxb7 Rb8 22. Bxa6 Rxb3 23. Qc4 Rb4 24. Qxe6 Rxe6 25. Be2 Rxd6 26. a5 Rb7 27. a6
Ra7 28. Rb1 Kg7 29. Rab2 Rc6 30. Rb7 Rc7 31. Rxa7 Rxa7 32. f4 Kf6 33. Kf2 Ke7
34. Bc4 Kd6 35. Kf3 Kc7 36. Re1 Kd8 37. Bb5 Nb8 38. Re8+ Kc7 39. Bc4 Nxa6 40.
Re7+ Kb6 41. Rxa7 Kxa7 42. Bxf7 Kb6 43. Bg8 h6 44. Bh7 g5 45. fxg5 hxg5 46. Kg4
c4 47. Kxg5 Kc5 48. h4 Kd4 49. h5 Nc5 50. Bb1 Ke5 51. h6 Ne6+ 52. Kg6 c3 53. g3
Nf8+ 54. Kf7 Ne6 55. h7 1-0

[Event "Open International Jeunes de Saint-Lô"]
[Site "?"]
[Date "2013.07.10"]
[Round "5.5"]
[White "Niepceron, Luc"]
[Black "Marimoutou, Loïc"]
[Result "0-1"]
[WhiteElo "1800"]
[BlackElo "1936"]
[PlyCount "84"]
[SourceDate "2013.07.07"]

1. e4 e5 2. Nf3 Nc6 3. Bc4 Nf6 4. d3 Bc5 5. c3 a6 6. Bb3 Ba7 7. Nbd2 d6 8. Nf1
h6 9. Ng3 O-O 10. O-O Re8 11. Re1 b5 12. Nh4 Bxf2+ 13. Kxf2 Ng4+ 14. Kg1 Qxh4
15. Nf1 Be6 16. Bc2 Qf2+ 17. Kh1 Qb6 18. Be3 Qxe3 19. Nxe3 Nf2+ 20. Kg1 Nxd1
21. Raxd1 Ne7 22. d4 Ng6 23. dxe5 Nxe5 24. Nd5 Rac8 25. b3 Nd7 26. Rd2 Bxd5 27.
Rxd5 Re5 28. b4 Rce8 29. Rxe5 Rxe5 30. Kf2 Nb6 31. Bb3 Kf8 32. Ke3 Ke7 33. Rf1
f6 34. Kd3 c5 35. Bd1 g6 36. Rf3 Rg5 37. Rf2 Nd7 38. h3 Ne5+ 39. Kc2 Rg3 40.
Kd2 Nc4+ 41. Kc2 Ne3+ 42. Kd2 Nxd1 0-1

[Event "Open International Jeunes de Saint-Lô"]
[Site "?"]
[Date "2013.07.10"]
[Round "5.6"]
[White "Chauvet, Etienne"]
[Black "Macon, Arthur"]
[Result "0-1"]
[WhiteElo "1640"]
[BlackElo "2140"]
[PlyCount "98"]
[SourceDate "2013.07.07"]

1. e4 c6 2. d3 d5 3. Nd2 e5 4. Ngf3 Bd6 5. g3 Nf6 6. Bg2 O-O 7. O-O Re8 8. Re1
Bg4 9. Nf1 dxe4 10. dxe4 Qc7 11. Ne3 Bh5 12. Nc4 Bf8 13. Bg5 Nbd7 14. Qe2 h6
15. Bxf6 Nxf6 16. Qf1 Rad8 17. h4 Bg4 18. Nh2 Be6 19. Rad1 b5 20. Ne3 Bc5 21.
b3 Rxd1 22. Nxd1 Qa5 23. Ne3 Bxe3 24. Rxe3 Qxa2 25. Qd3 Qa1+ 26. Bf1 Qd4 27.
Kg2 Rd8 28. f3 Qxd3 29. Rxd3 Rxd3 30. Bxd3 Kf8 31. Nf1 Ke7 32. Ne3 Kd6 33. Nf5+
Bxf5 34. exf5 a5 35. Kf2 Kc5 36. Ke2 Kd4 37. Kd2 Nd5 38. Be4 f6 39. Bxd5 Kxd5
40. Kd3 a4 41. bxa4 bxa4 42. Kc3 c5 43. g4 e4 44. fxe4+ Kxe4 45. Kb2 Kf4 46.
Ka3 Kxg4 47. Kxa4 Kxf5 48. Kb5 g5 49. hxg5 fxg5 0-1

[Event "Open International Jeunes de Saint-Lô"]
[Site "?"]
[Date "2013.07.10"]
[Round "5.7"]
[White "David, Alexandru-Vasile"]
[Black "Gennesseaux, Blaise"]
[Result "1-0"]
[WhiteElo "2080"]
[BlackElo "1617"]
[PlyCount "63"]
[SourceDate "2013.07.07"]

1. d4 Nf6 2. c4 c5 3. d5 b5 4. Qc2 bxc4 5. e4 d6 6. Bxc4 g6 7. Nc3 Bg7 8. Nf3
O-O 9. a4 Ba6 10. Nb5 Qb6 11. O-O Nbd7 12. Re1 Ng4 13. h3 Nge5 14. Nxe5 Nxe5
15. Bf1 Rab8 16. Be3 Rfc8 17. f4 Nd7 18. Qf2 Qb7 19. Rac1 Bxb5 20. axb5 a6 21.
bxa6 Qxb2 22. Qxb2 Rxb2 23. Rb1 Rxb1 24. Rxb1 Rc7 25. Bb5 Nb8 26. Bc4 Nd7 27.
Bd2 Kf8 28. Ba5 Ra7 29. Rb7 Rxb7 30. axb7 Bd4+ 31. Kf1 h6 32. Bc7 1-0

[Event "Open International Jeunes de Saint-Lô"]
[Site "?"]
[Date "2013.07.10"]
[Round "5.8"]
[White "Lenoel, Marine"]
[Black "Ceripa, Adrien"]
[Result "1-0"]
[WhiteElo "1951"]
[BlackElo "1587"]
[PlyCount "37"]
[SourceDate "2013.07.07"]

1. e4 e6 2. d4 d5 3. exd5 exd5 4. Bd3 c5 5. dxc5 Bxc5 6. Nf3 Nf6 7. O-O Nc6 8.
Bg5 O-O 9. h3 Qd6 10. Nc3 Nh5 11. Nxd5 Bxh3 12. Ne3 Be6 13. Nd2 Qe5 14. Qxh5 g6
15. Qh4 f6 16. Bf4 Qd4 17. Nb3 Bxb3 18. axb3 Rf7 19. Bc4 1-0

[Event "Open International Jeunes de Saint-Lô"]
[Site "?"]
[Date "2013.07.10"]
[Round "5.9"]
[White "Fayad, Erwan"]
[Black "Hamidi, Navid"]
[Result "1-0"]
[WhiteElo "1938"]
[BlackElo "1595"]
[PlyCount "87"]
[SourceDate "2013.07.07"]

1. e4 e6 2. d4 d5 3. exd5 exd5 4. c4 c6 5. Nf3 Bf5 6. Bd3 Bb4+ 7. Nc3 Ne7 8.
O-O O-O 9. Re1 dxc4 10. Bxc4 Nd5 11. Bd2 Nxc3 12. bxc3 Bd6 13. Ne5 Nd7 14. Qf3
Bxe5 15. Qxf5 g6 16. Qg4 Bg7 17. Bg5 Nf6 18. Qf4 Nd5 19. Bxd5 Qxd5 20. Re7 b6
21. Bf6 Rfe8 22. Rxe8+ Rxe8 23. Bxg7 Kxg7 24. Qc7 Qxa2 25. Rf1 Qa4 26. f4 Re2
27. f5 c5 28. fxg6 Qe8 29. gxf7 Qe3+ 30. Kh1 Rf2 31. f8=Q+ Kxf8 32. Qb8+ Ke7
33. Qxa7+ Ke8 34. Qb8+ Ke7 35. Qc7+ Ke8 36. Qc6+ Ke7 37. Ra1 Qe6 38. Qc7+ Kf6
39. dxc5 bxc5 40. Qxc5 Re2 41. Rf1+ Kg6 42. Qc7 Qd5 43. Qg3+ Kh6 44. Qh4+ 1-0

[Event "Open International Jeunes de Saint-Lô"]
[Site "?"]
[Date "2013.07.10"]
[Round "5.10"]
[White "Le Bris, Yann"]
[Black "Glotin, Adrien"]
[Result "0-1"]
[WhiteElo "1910"]
[BlackElo "1571"]
[PlyCount "78"]
[SourceDate "2013.07.07"]

1. e4 e6 2. d4 d5 3. e5 c5 4. c3 Nc6 5. Nf3 Qb6 6. Be2 cxd4 7. cxd4 Nh6 8. Nc3
Nf5 9. Na4 Qa5+ 10. Bd2 Bb4 11. Bc3 b5 12. a3 Bxc3+ 13. Nxc3 b4 14. axb4 Qxb4
15. Bb5 Bd7 16. Bxc6 Bxc6 17. Qd2 O-O 18. O-O Rfb8 19. Rfb1 Qb6 20. g4 Ne7 21.
Ra3 Rf8 22. Ne2 Ng6 23. Nf4 Nxf4 24. Qxf4 f6 25. Rc3 Be8 26. Qd2 Bg6 27. Rbc1
Be4 28. Rc6 Qd8 29. Rd6 Qe8 30. Nh4 fxe5 31. dxe5 Rc8 32. Qe3 Rxc1+ 33. Qxc1
Qe7 34. Ng2 Qf7 35. Qe3 Qg6 36. Qg3 Bf3 37. h3 Qb1+ 38. Kh2 Qf1 39. Rxe6 Bxg2
0-1

[Event "Open International Jeunes de Saint-Lô"]
[Site "?"]
[Date "2013.07.10"]
[Round "5.11"]
[White "Nolot, Clémentine"]
[Black "Lamour, Corentin"]
[Result "1-0"]
[WhiteElo "1853"]
[BlackElo "1530"]
[PlyCount "81"]
[SourceDate "2013.07.07"]

1. e4 e6 2. d3 d5 3. Nd2 Bc5 4. Ngf3 Nc6 5. g3 Nge7 6. Bg2 Ng6 7. O-O O-O 8.
Re1 dxe4 9. dxe4 e5 10. Qe2 Bg4 11. h3 Bh5 12. g4 Nf4 13. Qc4 Bb6 14. gxh5 Qf6
15. Nf1 Nxh3+ 16. Kh2 Nxf2 17. Bg5 Qd6 18. Be3 Ng4+ 19. Kh1 Nxe3 20. Nxe3 Qh6
21. Nd5 Qxh5+ 22. Nh2 Bf2 23. Re2 Bg3 24. Bf3 Qh3 25. Bg4 Qh4 26. Rg1 Nd4 27.
Reg2 Bf2 28. Rf1 Bg3 29. Bd1 Qxe4 30. c3 c6 31. Ne7+ Kh8 32. cxd4 Bxh2 33. Bc2
Qh4 34. Nf5 Qf6 35. Rxh2 b5 36. Qe2 Rfe8 37. Rxh7+ Kg8 38. Qh5 g6 39. Qh6 exd4
40. Rg7+ Qxg7 41. Qxg7# 1-0

[Event "Open International Jeunes de Saint-Lô"]
[Site "?"]
[Date "2013.07.10"]
[Round "5.12"]
[White "Viel, Simon"]
[Black "Auvray, Honorine"]
[Result "1/2-1/2"]
[WhiteElo "1596"]
[BlackElo "1835"]
[PlyCount "70"]
[SourceDate "2013.07.07"]

1. e4 c5 2. Nf3 Nc6 3. d4 cxd4 4. Nxd4 Nf6 5. Nc3 d6 6. f3 e5 7. Nb3 Be7 8. Be2
O-O 9. O-O a5 10. a4 Nb4 11. Be3 Be6 12. Qd2 Bxb3 13. cxb3 d5 14. exd5 Nfxd5
15. Nxd5 Qxd5 16. Bc4 Qxd2 17. Bxd2 Bc5+ 18. Kh1 Nc6 19. Bc3 Bd4 20. Rad1 Rad8
21. Rfe1 Rfe8 22. Bb5 f6 23. h3 Bb6 24. b4 axb4 25. Bxc6 bxc6 26. Bxb4 Bd4 27.
Bc3 c5 28. Rd3 Ra8 29. Bxd4 exd4 30. Rxe8+ Rxe8 31. Kg1 Kf7 32. Kf2 Re6 33. a5
Ke7 34. Ra3 Ra6 35. Ke2 Kd6 1/2-1/2

[Event "Open International Jeunes de Saint-Lô"]
[Site "?"]
[Date "2013.07.10"]
[Round "5.13"]
[White "Jourdren, Kévin"]
[Black "Cogan, Guillaume"]
[Result "1-0"]
[WhiteElo "1816"]
[BlackElo "1519"]
[PlyCount "85"]
[SourceDate "2013.07.07"]

1. e4 e5 2. Nf3 Nc6 3. Bb5 d6 4. d4 exd4 5. Nxd4 Bd7 6. Be3 a6 7. Ba4 b5 8. Bb3
Nxd4 9. Bxd4 c5 10. Bd5 cxd4 11. Bxa8 Qxa8 12. Qxd4 Nf6 13. Nd2 Be6 14. O-O Qc6
15. c3 d5 16. e5 Bc5 17. Qf4 Nd7 18. Nb3 Bb6 19. Nd4 Qc7 20. Rfe1 O-O 21. a3
Nc5 22. Rad1 Na4 23. Rd2 Nc5 24. Rdd1 Bd7 25. f3 Ne6 26. Qd2 Qa7 27. Kh1 a5 28.
Nf5 Bc6 29. b4 a4 30. Re2 Rd8 31. Nd4 Bd7 32. Ree1 Rc8 33. Nf5 Bc6 34. Nd4 Be8
35. Nf5 Rd8 36. Nd6 Kf8 37. Qd3 h6 38. Qh7 Bc7 39. Nf5 f6 40. exf6 gxf6 41.
Rxe6 Rd7 42. Rxf6+ Rf7 43. Qh8# 1-0

[Event "Open International Jeunes de Saint-Lô"]
[Site "?"]
[Date "2013.07.10"]
[Round "5.14"]
[White "Tessier, Victor"]
[Black "Girault, Simon"]
[Result "1/2-1/2"]
[WhiteElo "1571"]
[BlackElo "1782"]
[PlyCount "79"]
[SourceDate "2013.07.07"]

1. d4 d5 2. c4 Nc6 3. Nf3 Bg4 4. e3 e5 5. dxe5 dxc4 6. Qxd8+ Rxd8 7. Bxc4 Nxe5
8. Be2 Nxf3+ 9. gxf3 Be6 10. Nc3 c6 11. e4 Bd6 12. Be3 b6 13. Rd1 Ne7 14. f4 f5
15. e5 Bc7 16. Rxd8+ Bxd8 17. Bf3 O-O 18. Rg1 Bc7 19. b3 Rd8 20. Ke2 Nd5 21.
Nxd5 Bxd5 22. Bxd5+ Rxd5 23. Rc1 g5 24. Rxc6 gxf4 25. Rxc7 fxe3 26. Kxe3 Rxe5+
27. Kf3 Ra5 28. a4 Rd5 29. Rxa7 Rd3+ 30. Kf4 Rxb3 31. Kxf5 Rf3+ 32. Kg5 Rxf2
33. h4 Ra2 34. Rb7 Rxa4 35. Rxb6 Ra7 36. h5 Ra5+ 37. Kf6 Ra8 38. Kg5 Ra5+ 39.
Kf6 Ra8 40. Kg5 1/2-1/2

[Event "Open International Jeunes de Saint-Lô"]
[Site "?"]
[Date "2013.07.10"]
[Round "5.15"]
[White "Pichon, Julien"]
[Black "Georget, Aymeric"]
[Result "1-0"]
[WhiteElo "1775"]
[BlackElo "1451"]
[PlyCount "65"]
[SourceDate "2013.07.07"]

1. e4 c5 2. Nf3 Nc6 3. d4 cxd4 4. Nxd4 Nf6 5. Nc3 d6 6. Bc4 Bd7 7. O-O h6 8.
Be3 Ng4 9. h3 Nge5 10. Bb3 Qc8 11. f4 Ng6 12. Qh5 e6 13. f5 Nge5 14. Nxe6 g6
15. fxg6 fxg6 16. Rxf8+ Rxf8 17. Ng7+ Kd8 18. Qxh6 Kc7 19. Nb5+ Kb8 20. Nxd6
Qd8 21. Rd1 Qf6 22. Nc4 Kc7 23. Bc5 Nf7 24. Qd2 Rfd8 25. Nd6 Nfe5 26. Nb5+ Kc8
27. Qh6 b6 28. Rd6 Nf7 29. Bxf7 Qxf7 30. Rxg6 Qxa2 31. Rxc6+ Kb7 32. Rxb6+ axb6
33. Qxb6+ 1-0

[Event "Open International Jeunes de Saint-Lô"]
[Site "?"]
[Date "2013.07.11"]
[Round "6.1"]
[White "Pigeat, Alexandre"]
[Black "Cogan, Nicolas"]
[Result "1-0"]
[WhiteElo "1942"]
[BlackElo "1922"]
[PlyCount "109"]
[SourceDate "2013.07.07"]

1. e4 e6 2. d4 d5 3. Nd2 c5 4. exd5 Qxd5 5. dxc5 Bxc5 6. Ngf3 Nf6 7. Bc4 Qc6 8.
Qe2 O-O 9. O-O a6 10. a4 Qc7 11. Nb3 Bd6 12. Bg5 Nbd7 13. a5 e5 14. Nbd2 Re8
15. Bxf6 Nxf6 16. Ng5 Re7 17. Nde4 Nxe4 18. Qxe4 g6 19. Qh4 h5 20. Ne4 Be6 21.
Nf6+ Kg7 22. Bd3 Rh8 23. Ne4 Rd7 24. Qf6+ Kg8 25. Nxd6 Qxd6 26. Rfe1 Bd5 27.
Qxd6 Rxd6 28. Rxe5 Kg7 29. Re7 Rc8 30. g3 Kf6 31. Rae1 Re6 32. R7xe6+ fxe6 33.
b3 Rc3 34. Re3 Bc6 35. Kf1 Rc5 36. b4 Rc3 37. Ke2 Ra3 38. Kd2 Ra1 39. h4 Rb1
40. Kc3 e5 41. Be4 Bxe4 42. Rxe4 Rf1 43. Re2 Kf5 44. Kc4 Kg4 45. Rxe5 Rxf2 46.
Rg5+ Kh3 47. Rxg6 Rxc2+ 48. Kd5 Rc3 49. Rg5 Rxg3 50. Rxh5 Rg7 51. Kc5 Rf7 52.
Kb6 Kg4 53. Rh8 Rf4 54. Kxb7 Rxb4+ 55. Kxa6 1-0

[Event "Open International Jeunes de Saint-Lô"]
[Site "?"]
[Date "2013.07.11"]
[Round "6.2"]
[White "Marimoutou, Loïc"]
[Black "Banzea, Alexandru-Bogdan"]
[Result "1/2-1/2"]
[WhiteElo "1936"]
[BlackElo "1856"]
[PlyCount "51"]
[SourceDate "2013.07.07"]

1. e4 c5 2. Nc3 Nc6 3. Bb5 Nd4 4. Bc4 e6 5. Nf3 Ne7 6. O-O Nec6 7. d3 a6 8.
Nxd4 cxd4 9. Ne2 Be7 10. Bd2 O-O 11. Bb3 b6 12. f4 Bb7 13. Ng3 Re8 14. Qg4 Kh8
15. Rae1 g6 16. c3 f5 17. Qe2 Bf6 18. Qf2 Rc8 19. Bd1 d5 20. Bf3 dxc3 21. Bxc3
Bxc3 22. bxc3 dxe4 23. dxe4 Na5 24. Rd1 Qc7 25. Qd4+ Kg8 26. Ne2 1/2-1/2

[Event "Open International Jeunes de Saint-Lô"]
[Site "?"]
[Date "2013.07.11"]
[Round "6.3"]
[White "Grigorian, Roudolph"]
[Black "David, Alexandru-Vasile"]
[Result "1-0"]
[WhiteElo "2062"]
[BlackElo "2080"]
[PlyCount "90"]
[SourceDate "2013.07.07"]

1. e4 c6 2. d4 d5 3. Nc3 dxe4 4. Nxe4 Bf5 5. Ng3 Bg6 6. h4 h6 7. Nf3 Nd7 8. h5
Bh7 9. Bd3 Bxd3 10. Qxd3 e6 11. Bf4 Qa5+ 12. Bd2 Bb4 13. c3 Be7 14. c4 Qc7 15.
O-O-O Ngf6 16. Kb1 O-O 17. Rc1 a5 18. Ne4 Rad8 19. Nxf6+ Nxf6 20. Qe2 Bb4 21.
Be3 Ng4 22. c5 a4 23. Qc4 Ba5 24. Qxa4 b5 25. cxb6 Qxb6 26. Rxc6 Qb7 27. Rhc1
Ra8 28. Qc4 Nf6 29. Ne5 Nd5 30. Nd3 Rfb8 31. b3 Qa7 32. Rc2 Bb6 33. Nb4 Ne7 34.
Rc5 Bxc5 35. dxc5 Qb7 36. c6 Qxb4 37. c7 Qe1+ 38. Rc1 Qa5 39. cxb8=Q+ Rxb8 40.
Qc5 Qa4 41. Qxe7 Qe4+ 42. Kb2 Qe5+ 43. Rc3 Qxh5 44. Qc7 Ra8 45. a4 Qd5 1-0

[Event "Open International Jeunes de Saint-Lô"]
[Site "?"]
[Date "2013.07.11"]
[Round "6.4"]
[White "Macon, Arthur"]
[Black "Jamar, Vadim"]
[Result "1-0"]
[WhiteElo "2140"]
[BlackElo "1805"]
[PlyCount "57"]
[SourceDate "2013.07.07"]

1. d4 Nf6 2. Nf3 e6 3. c4 Be7 4. g3 d5 5. Bg2 c6 6. O-O O-O 7. Qc2 Nbd7 8. Nbd2
Bd6 9. b3 Re8 10. Bb2 e5 11. cxd5 cxd5 12. dxe5 Nxe5 13. Nxe5 Bxe5 14. Bxe5
Rxe5 15. Nf3 Bf5 16. Qb2 Re7 17. Rac1 Rc8 18. Nd4 Be4 19. Rxc8 Qxc8 20. Qa3 Re5
21. Rc1 Qd7 22. Qxa7 Bxg2 23. Kxg2 Rh5 24. Qb8+ Ne8 25. Nf3 Kf8 26. Qc8 Qe7 27.
Rc3 Qxe2 28. Re3 Qb5 29. Nd4 1-0

[Event "Open International Jeunes de Saint-Lô"]
[Site "?"]
[Date "2013.07.11"]
[Round "6.5"]
[White "Pichon, Julien"]
[Black "Monpeurt, Cyrielle"]
[Result "0-1"]
[WhiteElo "1775"]
[BlackElo "2043"]
[PlyCount "70"]
[SourceDate "2013.07.07"]

1. e4 e5 2. Nf3 Nc6 3. d4 exd4 4. Nxd4 Bc5 5. Nxc6 bxc6 6. Nd2 Nf6 7. Be2 O-O
8. e5 Nd5 9. Nb3 Bb4+ 10. c3 Be7 11. O-O Re8 12. Kh1 Bf8 13. f4 d6 14. Nd4 Bb7
15. Nf3 f6 16. c4 Nb6 17. Qb3 c5 18. a4 Rb8 19. Qc3 Nd7 20. Be3 dxe5 21. fxe5
Nxe5 22. Nxe5 Rxe5 23. Bf3 Bxf3 24. Rxf3 Rb4 25. Qc2 Qe8 26. Bd2 Rb6 27. Qc3
Rbe6 28. Kg1 Re2 29. Kf1 Bd6 30. h3 Qg6 31. Rf2 Rxf2+ 32. Kxf2 Be5 33. Qf3 Bd4+
34. Kf1 Qc2 35. Qd5 Qd3# 0-1

[Event "Open International Jeunes de Saint-Lô"]
[Site "?"]
[Date "2013.07.11"]
[Round "6.6"]
[White "Aghamir Alrobiai, Nizae"]
[Black "Lenoel, Marine"]
[Result "0-1"]
[WhiteElo "1773"]
[BlackElo "1951"]
[PlyCount "70"]
[SourceDate "2013.07.07"]

1. e4 e5 2. Nf3 Nc6 3. Bb5 Bc5 4. O-O Qf6 5. c3 Nge7 6. d4 exd4 7. Bg5 Qg6 8.
Bxe7 Bxe7 9. cxd4 O-O 10. d5 Nb4 11. a3 Na6 12. Nc3 Nc5 13. b4 a6 14. bxc5 axb5
15. d6 cxd6 16. Nd5 Bd8 17. cxd6 Qxd6 18. Nd4 b6 19. Nxb5 Qe5 20. Qd3 f5 21.
Qc4 Kh8 22. exf5 Ba6 23. Qb4 Rxf5 24. Rfe1 Qxd5 25. Re8+ Qg8 26. Rxg8+ Kxg8 27.
Nd6 Rf6 28. Qb3+ Kf8 29. Qd5 Ra7 30. Re1 Be7 31. Nc4 Bxc4 32. Qxc4 Bc5 33. Re2
Rxa3 34. h3 Bxf2+ 35. Kh2 Bg3+ 0-1

[Event "Open International Jeunes de Saint-Lô"]
[Site "?"]
[Date "2013.07.11"]
[Round "6.7"]
[White "Dillenschneider, Ernesto"]
[Black "Fayad, Erwan"]
[Result "1/2-1/2"]
[WhiteElo "1724"]
[BlackElo "1938"]
[PlyCount "65"]
[SourceDate "2013.07.07"]

1. d4 d5 2. Bf4 Nf6 3. e3 e6 4. Bd3 Bd6 5. Bg3 Qe7 6. Nd2 Nbd7 7. f4 b6 8. Ngf3
Bb7 9. c3 O-O 10. Bh4 Qe8 11. Ne5 Ne4 12. Qf3 f5 13. g4 c5 14. Rg1 c4 15. Bc2
Kh8 16. Qg2 Bxe5 17. fxe5 Rf7 18. gxf5 exf5 19. Nxe4 dxe4 20. O-O-O Bd5 21.
Rdf1 Qe6 22. Bd1 Nf8 23. Bh5 g6 24. Bf6+ Rxf6 25. exf6 Qxf6 26. Bd1 Ne6 27. Qg3
Rd8 28. Bc2 Kg7 29. Rg2 h6 30. h4 g5 31. Rfg1 Rf8 32. Qd6 Rd8 33. Qg3 1/2-1/2